Matinée en el Cine Bolívar = Matinée au cinéma Bolívar /

Bibliographic Details
Main Author: Vásconez, Javier, 1946- (Author)
Other Authors: Baillon, Florence (Translator)
Format: Electronic eBook
Language:Spanish
French
Published: Cuenca, Ecuador : Universidad del Azuay, Casa Editora : Alianza Franc̜aise, [2022]
Edition:Segunda edición.
Subjects:
Online Access:Digitalia Hispánica

MARC

LEADER 00000nam a2200000 i 4500
001 DIGUAZUAY0167
003 NyNyDIG
007 cr |||||||||||
008 260113s2022 ec a ob 000 j spa d
006 m o d
035 |a (OCoLC)1420744481 
040 |a DGITA  |b eng  |e rda  |e pn  |c DGITA 
020 |a 9789942847539  |q eBook 
020 |z 9789942847546 
041 1 |a spa  |a fre  |h spa 
050 1 4 |a PQ8220.32.A73 ebook 
100 1 |a Vásconez, Javier,  |d 1946-  |e author. 
245 1 0 |a Matinée en el Cine Bolívar =  |b Matinée au cinéma Bolívar /  |c Javier Vásconez ; traducción al francés, Florence Baillon. 
246 3 1 |a Matinée au cinéma Bolívar 
250 |a Segunda edición. 
264 1 |a Cuenca, Ecuador :  |b Universidad del Azuay, Casa Editora :  |b Alianza Franc̜aise,  |c [2022] 
300 |a 1 online resource :  |b illustrations. 
336 |a text  |b txt  |2 rdacontent 
337 |a computer  |b c  |2 rdamedia 
338 |a online resource  |b cr  |2 rdacarrier 
347 |a text file  |2 rdaft 
347 |b PDF 
546 |a Text in Spanish and French. 
588 0 |a Online resource; title from PDF title page (Digitalia, viewed January 13, 2026) 
655 7 |a Fiction.  |2 lcgft 
655 7 |a Short stories.  |2 lcgft 
700 1 |a Baillon, Florence,  |e translator. 
700 1 2 |i Container of (expression):  |a Vásconez, Javier,  |d 1946-  |t Matinée en el Cine Bolívar.  |l French  |s (Baillon) 
791 2 |a Digitalia (Firm),  |e distributor. 
793 0 |g Digitalia eBook Collection:  |a Universidad del Azuay 
776 0 8 |i Print version:  |a Vásconez, Javier, 1946-  |t Matinée en el Cine Bolívar.  |b Segunda edición.  |d Cuenca, Ecuador : Universidad del Azuay, Casa Editora : Alianza Franc̜aise, [2022]  |z 9789942847546 
856 4 0 |3 Digitalia Hispánica  |u https://www.digitaliapublishing.com/a/133552/ 
910 |a Premium collection: 2026